| 000 | 00601nam a2200241 a 4500 | ||
|---|---|---|---|
| 003 | AR-BaBNM | ||
| 005 | 20251128203444.0 | ||
| 008 | 082120s2002 ||||||||||||||000 | spa|| | ||
| 040 | _cAR-BaBNM | ||
| 100 | 1 | _aAsratian, E.A. | |
| 245 | 0 | 0 |
_aI.P. Pavlov _bsu vida y su obra científica |
| 260 |
_aMoscú _bAcademia de Ciencias de la URSS _c1954 |
||
| 300 |
_a183 p. _bláms. |
||
| 650 | 4 | _aBIOGRAFIAS | |
| 650 | 4 | _aCIENTIFICOS | |
| 650 | 4 | _aCIENCIA | |
| 650 | 4 | _aBIOLOGIA | |
| 650 | 4 | _aESCUELAS FILOSOFICAS | |
| 650 | 4 | _aMATERIALISMO | |
| 651 | 4 | _aURSS | |
| 655 | _aBIOGRAFIAS | ||
| 942 | _cBK | ||
| 999 |
_c3462 _d3462 |
||